| Поле | Название | Значение |
| |
Тип записи |
i |
| |
Библиографический уровень |
m |
| 001 |
Контрольный номер |
RU/SLIB/B/227703778 |
| 005 |
Дата корректировки |
20201206204459.8 |
| 010 |
Индекс ISBN |
__ |
| d |
Цена |
112-00 |
| 101 |
Язык документа |
__ |
| a |
Язык текста |
rus |
| c |
Язык оригинала |
fre |
| 200 |
Заглавие и сведения об ответственности |
1_ |
| a |
Заглавие |
Пятнадцатилетний капитан |
| e |
Сведения, относящиеся к заглавию |
[аудиокнига : роман] |
| f |
Первые сведения об ответственности |
Жюль Верн ; читает Андрей Прохода |
| b |
Общее обозначение материала |
Звукозапись |
| 210 |
Выходные данные |
__ |
| a |
Место издания |
М. |
| c |
Издательство |
Говорящая кн. |
| d |
Дата издания |
2005 |
| 215 |
Физическое описание |
__ |
| a |
Объем |
1 электрон. опт. диск (Audio CD) (13 ч. 50 мин.) |
| 225 |
Серия |
__ |
| a |
Серия |
Романтика приключений и путешествий |
| 225 |
Серия |
__ |
| a |
Серия |
3 в 1! : Звук, Текст, Визуал - слушай, смотри, читай! |
| 300 |
Общие примечания |
__ |
| a |
Общие примечания |
CD-плеер с поддержкой MP3 ; Pentium-233 с Windows 9x-XP ; CD-ROM ; звуковая карта ; AudioCD |
| a |
Общие примечания |
Говорящие кн. - информ.-реабилитац. изд., рек. для людей, не имеющих возможности читать |
| 323 |
Примечание о главных создателях, исполнителях, участниках |
__ |
| a |
Примечание о главных создателях, исполнителях, участниках |
Прохода А. (читает) |
| 330 |
Аннотация |
__ |
| a |
Аннотация |
Аудиокнига представляет приключенческий роман о юноше, которому в силу сложившихся обстоятельств приходится стать капитаном судна и возложить на себя ответственность, несвойственную его возрасту. |
| 333 |
Примечание о целевом назначении |
__ |
| a |
Примечание о целевом назначении |
12+. Для детей старше 12 лет |
| 606 |
Тематические рубрики |
__ |
| a |
Основная рубрика |
Литература Европы (произведения) |
| a |
Основная рубрика |
Художественная литература |
| z |
Хронологическая подрубрика |
19 в. |
| y |
Географическая подрубрика |
Франция |
| 610 |
Ключевые слова |
__ |
| a |
Ключевые слова |
зарубежная литература; французская литература; детская литература; романы; приключения; приключенческие романы; тема путешествий; тема отваги; тема борьбы; тема мужества |
| 686 |
Индексы других классификаций |
__ |
| a |
Классификационный индекс |
ст84(4Фра)-4я0 |
| 700 |
Автор |
_1 |
| a |
Фамилия |
Верн |
| b |
Имя |
Ж. |
| 4 |
Код отношения |
070 |
| 801 |
Источник записи |
_0 |
| a |
Страна |
RU |
| b |
Организация |
Муниципальное бюджетное учреждение культуры "Централизованная библиотечная система" г. Сургут (Центральная городская библиотека им. А. С. Пушкина) |
| g |
Правила каталогизации |
КиК/Дорошева |
| 801 |
Источник записи |
_1 |
| a |
Страна |
RU |
| b |
Организация |
Муниципальное бюджетное учреждение культуры "Централизованная библиотечная система" г. Сургут (Центральная городская библиотека им. А. С. Пушкина) |
| g |
Правила каталогизации |
КиК/Дорошева |
| 852 |
Данные о местонахождении |
__ |
| j |
Шифр хранения |
ст84(4Фра)-4я0 |
| c |
Каталожный индекс |
ст84(4Фра)-4я04 |
| i |
Авторский знак |
В 35 |
| 901 |
Тип документа |
__ |
| t |
Тип документа |
0 |
| 903 |
Характеристики (МАРС) |
__ |
| a |
Дата передачи |
20070410 |
| 969 |
Тип издания |
__ |
| a |
Тип издания |
аудиокнига |
| 990 |
Данные о заказе (DOS) |
__ |
| j |
Количество экземпляров (DOS) |
4 |
| h |
N записи в КСУ для Б/У (DOS) |
200704 |